[Event "23rd Int. Tournament "]
[Site "?"]
[Date "2015.08.30"]
[Round "4.17"]
[White "Androutsopoulos-Agiotatos, Vas"]
[Black "Grigoriadis, Mihail"]
[Result "0-1"]
[WhiteElo "1878"]
[BlackElo "2099"]
[PlyCount "118"]
[EventDate "2015.08.27"]

1. e4 c5 2. Nf3 Nc6 3. Bb5 Qc7 4. O-O e6 5. Re1 Nge7 6. b3 a6 7. Bf1 d5 8. d3
d4 9. a4 Rb8 10. h3 Ng6 11. Nh2 Bd6 12. g3 h5 13. h4 Bxg3 14. fxg3 Qxg3+ 15.
Bg2 Nxh4 16. Re2 e5 17. Qe1 Qxe1+ 18. Rxe1 b6 19. Nf3 Nxf3+ 20. Bxf3 g5 21. Bg2
f6 22. Rf1 Ke7 23. Ba3 a5 24. Nd2 Be6 25. Kf2 h4 26. Rh1 g4 27. Rag1 g3+ 28.
Ke2 h3 29. Bf3 Rbg8 30. Nc4 Bxc4 31. bxc4 Nd8 32. Bc1 Ne6 33. Bd2 Nf4+ 34. Bxf4
exf4 35. Ke1 Kd6 36. Kd2 g2 37. Rh2 Rg3 38. Ke2 Rhg8 39. Kf2 Kc7 40. Be2 Kd7
41. Bf3 Kd6 42. Be2 b5 43. cxb5 c4 44. Bf3 Kc5 45. Bxg2 f3 46. b6 Rxg2+ 47.
Rhxg2 fxg2 48. b7 cxd3 49. cxd3 h2 50. Rxg2 Rh8 51. b8=Q Rxb8 52. Rxh2 Rb2+ 53.
Kg3 Rxh2 54. Kxh2 Kb4 55. Kg3 Kxa4 56. Kf4 Kb4 57. Kf5 a4 58. Kxf6 a3 59. e5 a2
0-1

[Event "23rd Int. Tournament "]
[Site "?"]
[Date "2015.08.30"]
[Round "4.18"]
[White "Roinos, Ilias"]
[Black "Sarakenidis, Nikolaos"]
[Result "1-0"]
[WhiteElo "2055"]
[BlackElo "1862"]
[PlyCount "65"]
[EventDate "2015.08.27"]

1. e4 e6 2. d3 c5 3. Nf3 Nc6 4. g3 g6 5. Bg2 Bg7 6. O-O Nge7 7. Re1 O-O 8. c3
d5 9. e5 h6 10. h4 b5 11. Be3 c4 12. a4 Rb8 13. axb5 Rxb5 14. dxc4 dxc4 15. Na3
Qxd1 16. Rexd1 Rxb2 17. Bc5 Nd5 18. Nxc4 Rc2 19. Bxf8 Bxf8 20. Rdc1 Rxc3 21.
Rxc3 Nxc3 22. Nfd2 Nb4 23. Rxa7 Ba6 24. Nd6 Ne2+ 25. Kh2 Nd4 26. N2e4 Bg7 27.
Nxf7 Nb5 28. Rd7 Bc8 29. Nxh6+ Kh7 30. Rd8 Kxh6 31. Rxc8 Nd5 32. Ng5 Ndc3 33.
f4 1-0

[Event "23rd Int. Tournament "]
[Site "?"]
[Date "2015.08.30"]
[Round "4.19"]
[White "Sienczewski, Zbigniew"]
[Black "Tzounakas, Vasilios"]
[Result "1/2-1/2"]
[WhiteElo "2048"]
[BlackElo "1838"]
[PlyCount "100"]
[EventDate "2015.08.27"]

1. c4 g6 2. g3 Bg7 3. Bg2 Nf6 4. Nc3 d6 5. Nf3 O-O 6. O-O e5 7. d3 h6 8. Rb1 a5
9. a3 Na6 10. b4 axb4 11. axb4 Rb8 12. h3 b6 13. e4 Be6 14. Be3 c5 15. b5 Nc7
16. Qd2 Kh7 17. Ra1 Ra8 18. Qb2 Nd7 19. Rxa8 Qxa8 20. Ra1 Qb7 21. Ra4 Ra8 22.
Qa3 Rxa4 23. Qxa4 Qa8 24. Qxa8 Nxa8 25. Ne1 Kg8 26. Nc2 Kf8 27. Bd2 Ke7 28. f4
Nc7 29. Ne3 exf4 30. gxf4 Bd4 31. Kf1 Bxe3 32. Bxe3 f5 33. Ke2 Kf6 34. Kf2 Ke7
35. Kg3 Nf6 36. Nd5+ Ncxd5 37. exd5 Bd7 38. Bd2 Nh7 39. Bc3 Nf6 40. h4 h5 41.
Kf2 Be8 42. d4 Nd7 43. Ke3 Kd8 44. Bf3 cxd4+ 45. Bxd4 Kc7 46. Bd1 Nc5 47. Bc2
Bf7 48. Bc3 Be8 49. Kd4 Bf7 50. Bb4 Be8 1/2-1/2

[Event "23rd Int. Tournament "]
[Site "?"]
[Date "2015.08.30"]
[Round "4.20"]
[White "Nikoleris, Evangelos"]
[Black "Tsomis, Dimitrios"]
[Result "1-0"]
[WhiteElo "1866"]
[BlackElo "2019"]
[PlyCount "69"]
[EventDate "2015.08.27"]

1. e4 c5 2. Nf3 Nc6 3. d4 cxd4 4. Nxd4 Nf6 5. Nc3 d6 6. Bg5 e6 7. Qd2 h6 8. Be3
Be7 9. f3 Bd7 10. O-O-O Nxd4 11. Qxd4 a6 12. g4 Qc7 13. h4 Bc6 14. Bh3 Nd7 15.
g5 e5 16. Bxd7+ Qxd7 17. Qd2 hxg5 18. hxg5 O-O-O 19. Nd5 Bxd5 20. Qxd5 Rxh1 21.
Rxh1 Qe6 22. Qa5 d5 23. Bb6 Bxg5+ 24. Kb1 Re8 25. exd5 Qd7 26. Rd1 Kb8 27. Bg1
Qh3 28. Qc3 f6 29. d6 f5 30. Qc7+ Ka8 31. d7 Rb8 32. d8=Q Bxd8 33. Qxd8 Qxf3
34. Qd3 Qxd3 35. cxd3 1-0

[Event "23rd Int. Tournament "]
[Site "?"]
[Date "2015.08.30"]
[Round "4.1"]
[White "Agriopoulos, Konstantinos"]
[Black "Koutis, Pavlos"]
[Result "1/2-1/2"]
[WhiteElo "1693"]
[BlackElo "1244"]
[PlyCount "106"]
[EventDate "2015.08.27"]

1. d4 d5 2. c4 c6 3. Nc3 Nf6 4. Nf3 dxc4 5. a4 Bf5 6. e3 e6 7. Bxc4 Bb4 8. O-O
Nbd7 9. Qb3 a5 10. Na2 c5 11. Bb5 Rc8 12. Nxb4 cxb4 13. Ne5 Bc2 14. Qa2 O-O 15.
Nxd7 Nxd7 16. Bd2 Ne5 17. Bxb4 axb4 18. dxe5 Qc7 19. b3 Qxe5 20. Rac1 Qc3 21.
Bc4 Rxc4 22. bxc4 b3 23. Qa3 Qxc4 24. Rfd1 Qg4 25. Rd7 e5 26. Rd2 h6 27. f3 Qc4
28. Qb2 Qxa4 29. Rdxc2 bxc2 30. Rxc2 Re8 31. Rc7 b5 32. Rb7 e4 33. f4 Ra8 34.
Qxb5 Qxb5 35. Rxb5 Ra1+ 36. Kf2 Ra2+ 37. Kg3 Ra3 38. Re5 Rxe3+ 39. Kf2 Rd3 40.
Rxe4 Rd2+ 41. Kg3 Rd3+ 42. Kg4 Rd2 43. Kh3 Rd3+ 44. g3 Rd5 45. Re8+ Kh7 46. Kg4
Kg6 47. Rg8 h5+ 48. Kf3 Rd3+ 49. Kg2 Rd2+ 50. Kg1 h4 51. Rh8 hxg3 52. hxg3 Kf6
53. Rh7 Kg6 1/2-1/2

[Event "23rd Int. Tournament "]
[Site "?"]
[Date "2015.08.30"]
[Round "4.2"]
[White "Goridaris, Nikolaos"]
[Black "Stamatis, Ioannis"]
[Result "0-1"]
[WhiteElo "1299"]
[BlackElo "1497"]
[PlyCount "88"]
[EventDate "2015.08.27"]

1. d4 Nf6 2. Bf4 e6 3. e3 b6 4. Be2 Bb7 5. Bf3 Qc8 6. Bxb7 Qxb7 7. Qf3 d5 8. c4
Nbd7 9. Nc3 Bb4 10. Nge2 Ne4 11. cxd5 exd5 12. a3 Bxc3+ 13. Nxc3 Nxc3 14. bxc3
O-O 15. Qg3 Qc6 16. O-O Nf6 17. Bxc7 Ne4 18. Qe5 f6 19. Qh5 g6 20. Qg4 Qxc7 21.
f3 f5 22. Qh4 Nxc3 23. Kh1 Nb5 24. Rfc1 Qd7 25. Qf4 Rac8 26. a4 Nd6 27. Qe5
Rxc1+ 28. Rxc1 Nc4 29. Qf4 Rc8 30. h3 Qxa4 31. e4 dxe4 32. fxe4 fxe4 33. Qxe4
Qd7 34. d5 Nd6 35. Rxc8+ Nxc8 36. Qc4 Nd6 37. Qa2 Qc7 38. Qa3 a5 39. Qe3 Nf7
40. Qe6 Qd6 41. Qc8+ Kg7 42. Qc3+ Ne5 43. Qb3 Qc5 44. Qd1 Kf6 0-1

[Event "23rd Int. Tournament "]
[Site "?"]
[Date "2015.08.30"]
[Round "4.3"]
[White "Bouza, Mirto - Eleni"]
[Black "Pogiatzis, Grigorios"]
[Result "1-0"]
[WhiteElo "1291"]
[BlackElo "1471"]
[PlyCount "117"]
[EventDate "2015.08.27"]

1. e4 c6 2. d4 d5 3. exd5 cxd5 4. Nc3 Nc6 5. Nf3 Bg4 6. Be3 e6 7. Be2 Qb6 8.
Rb1 Bd6 9. O-O Nge7 10. h3 Bxf3 11. Bxf3 Nf5 12. Ne2 Rc8 13. c3 O-O 14. Nc1
Nxe3 15. fxe3 Rfe8 16. Kh1 Qd8 17. e4 dxe4 18. Bxe4 Qg5 19. Rf3 Rc7 20. Nb3 Ne7
21. Qc2 g6 22. Rbf1 Nf5 23. Bxf5 exf5 24. Qd2 Qh4 25. Re3 Rce7 26. Rxe7 Rxe7
27. Nc1 Qg3 28. Kg1 Qh2+ 29. Kf2 Bg3+ 30. Kf3 Bc7 31. Ne2 Re4 32. Kf2 f4 33.
Qd1 f3 34. Kxf3 Re6 35. Rg1 Qd6 36. Kf2 Rf6+ 37. Ke1 Qe6 38. Kd2 Qxa2 39. Qa1
Qb3 40. Qb1 Qe6 41. Rf1 Bd8 42. Rxf6 Bxf6 43. Qf1 Kg7 44. Qf3 Qb3 45. Kc1 b5
46. Ng3 Bg5+ 47. Kb1 a5 48. Ne4 Be7 49. Nd2 Qe6 50. d5 Qe1+ 51. Kc2 Qe5 52. Qd3
Qb8 53. Ne4 Bf6 54. d6 b4 55. cxb4 axb4 56. d7 Be7 57. Qd5 h6 58. Nc5 Qc7 59.
Kb3 1-0

[Event "23rd Int. Tournament "]
[Site "?"]
[Date "2015.08.30"]
[Round "4.4"]
[White "Charalampidis, Vasilios"]
[Black "Barous, Theodoros"]
[Result "0-1"]
[WhiteElo "1174"]
[BlackElo "1435"]
[PlyCount "104"]
[EventDate "2015.08.27"]

1. e4 c5 2. Nf3 Nc6 3. d4 cxd4 4. Nxd4 g6 5. c4 Bg7 6. Be3 Nf6 7. Nc3 O-O 8.
Be2 d6 9. O-O Bd7 10. Nb3 a6 11. f4 Qc8 12. h3 Rb8 13. Qd2 b5 14. cxb5 axb5 15.
Bxb5 Nxe4 16. Nxe4 Rxb5 17. Nc3 Rb8 18. Rac1 Qb7 19. Rfd1 Be6 20. Nd5 Bxd5 21.
Qxd5 Nd8 22. Qxb7 Rxb7 23. Bd4 f6 24. Rc2 Ne6 25. Be3 Ra8 26. Nc1 f5 27. b3 h6
28. Kf2 g5 29. g3 Kf7 30. Rd5 Kg6 31. fxg5 Nxg5 32. Bxg5 hxg5 33. Nd3 Rba7 34.
Nb4 Bf6 35. Rdd2 Rh8 36. Nc6 Raa8 37. Kg2 Kf7 38. Rf2 e6 39. Nb4 Be5 40. Rc7+
Kf6 41. Rfc2 Bd4 42. R7c6 Bc5 43. Nd3 Rhc8 44. Rxc8 Rxc8 45. Nxc5 dxc5 46. b4
c4 47. a4 Ke5 48. b5 Kd4 49. b6 Kc5 50. a5 Kb5 51. Rxc4 Rb8 52. Ra4 Kxa4 0-1

[Event "23rd Int. Tournament "]
[Site "?"]
[Date "2015.08.30"]
[Round "4.5"]
[White "Dermatas, Marios"]
[Black "Kontopanagos, Ioannis"]
[Result "1/2-1/2"]
[WhiteElo "1301"]
[BlackElo "1224"]
[PlyCount "79"]
[EventDate "2015.08.27"]

1. d4 Nf6 2. Nf3 g6 3. c4 d5 4. Nc3 Bg7 5. Bg5 Ne4 6. Bf4 O-O 7. Nxd5 Na6 8. e3
c6 9. Nc3 Qa5 10. Qb3 c5 11. Be2 cxd4 12. exd4 Bg4 13. O-O Nxc3 14. bxc3 Nb8
15. Qxb7 Nd7 16. h3 Bf5 17. g4 Be6 18. d5 Nc5 19. Qxe7 Rfe8 20. Qh4 Bd7 21. Nd4
Qxc3 22. Be3 Bxd4 23. Rfc1 Bf6 24. g5 Qxa1 25. Rxa1 Bxa1 26. Bxc5 Rxe2 27. Bd4
Bxd4 28. Qxd4 Rxa2 29. c5 Rc8 30. Kg2 a5 31. c6 Bf5 32. d6 Rxc6 33. d7 Bxd7 34.
Qxd7 Re6 35. Qd8+ Kg7 36. Qd4+ Kf8 37. Qd8+ Re8 38. Qf6 Kg8 39. Qc6 Rae2 40.
Kg3 1/2-1/2

[Event "23rd Int. Tournament "]
[Site "?"]
[Date "2015.08.31"]
[Round "5.1"]
[White "Karagiannis, Athanasios"]
[Black "Tsiros, Fragkiskos Vlasios"]
[Result "1/2-1/2"]
[WhiteElo "2232"]
[BlackElo "2216"]
[PlyCount "120"]
[EventDate "2015.08.27"]
[TimeControl "120+11"]
[WhiteClock "0:00:32"]
[BlackClock "0:00:05"]

1. Nf3 d6 2. d4 Nf6 3. g3 Bf5 4. Bg2 g6 5. Nc3 c6 6. O-O Bg7 7. Nh4 Bc8 8. e4
O-O 9. h3 e5 10. Nf3 Qc7 11. a4 b6 12. Be3 exd4 13. Nxd4 Bb7 14. Qd2 Nbd7 15.
Bh6 Rfe8 16. Bxg7 Kxg7 17. Rad1 a6 18. Nde2 b5 19. Qxd6 Qxd6 20. Rxd6 b4 21.
Na2 Nc5 22. f3 b3 23. cxb3 Nxb3 24. Nac3 a5 25. Rfd1 Rec8 26. f4 Ne8 27. Rd7
Nc5 28. R7d2 Ba6 29. Nd4 Bc4 30. e5 Ra6 31. Ne4 Nxe4 32. Bxe4 Rb6 33. Rc1 Ba6
34. Rxc6 Rcxc6 35. Bxc6 Nc7 36. h4 Bc8 37. Bb5 Ba6 38. Bd7 Bb7 39. Bb5 Ba6 40.
Bxa6 Nxa6 41. b3 Rb4 42. Kg2 Nc5 43. Rc2 Nxa4 44. Ne6+ fxe6 45. Rc7+ Kf8 46.
bxa4 h5 47. Rc3 Rxa4 48. Kf3 Rb4 49. g4 a4 50. Rc8+ Kf7 51. Rc7+ Kf8 52. gxh5
gxh5 53. Ra7 Rb3+ 54. Ke4 Rb4+ 55. Ke3 Rb3+ 56. Kd4 Rb4+ 57. Kc5 Rxf4 58. Kd6
Rxh4 59. Kxe6 Re4 60. Kf5 Rb4 1/2-1/2

[Event "23rd Int. Tournament "]
[Site "?"]
[Date "2015.08.31"]
[Round "5.2"]
[White "Gazis, Efstathios"]
[Black "Kapnisis, Spyridon"]
[Result "1-0"]
[WhiteElo "2146"]
[BlackElo "2455"]
[PlyCount "77"]
[EventDate "2015.08.27"]
[TimeControl "120+482"]
[WhiteClock "0:00:18"]
[BlackClock "0:00:00"]

1. e4 c5 2. Nf3 Nc6 3. Nc3 g6 4. Bb5 Bg7 5. Bxc6 bxc6 6. d3 d6 7. h3 e5 8. Qe2
Nh6 9. b3 f5 10. Bb2 Nf7 11. O-O-O Qe7 12. Kb1 Nd8 13. Nd2 f4 14. Na4 Ne6 15.
Nf3 O-O 16. c3 Ba6 17. c4 Bc8 18. Qd2 Qd8 19. Bc3 Rf7 20. Ba5 Qf8 21. Bc3 Bf6
22. Rc1 Bd8 23. Ka1 Rb8 24. Rb1 Bd7 25. Rhc1 g5 26. Ne1 f3 27. Nxf3 Rxf3 28.
gxf3 Nf4 29. Rg1 Nxh3 30. Rg3 h5 31. Rh1 Nf4 32. Nxc5 dxc5 33. Bxe5 Ne6 34.
Rxh5 Bf6 35. Rgxg5+ Nxg5 36. Rxg5+ Kh7 37. Qf4 Bxg5 38. Qxg5 Be6 39. Qh5+ 1-0

[Event "23rd Int. Tournament "]
[Site "?"]
[Date "2015.08.31"]
[Round "5.3"]
[White "Nikolaou, Georgios"]
[Black "Poulopoulos, Ioannis"]
[Result "1/2-1/2"]
[WhiteElo "2317"]
[BlackElo "2133"]
[PlyCount "95"]
[EventDate "2015.08.27"]
[TimeControl "120+10"]
[WhiteClock "0:00:03"]
[BlackClock "0:00:15"]

1. d4 Nf6 2. c4 g6 3. Nf3 Bg7 4. g3 O-O 5. Bg2 d6 6. O-O Nbd7 7. Nc3 c6 8. e4
e5 9. h3 Qa5 10. Re1 exd4 11. Nxd4 Ne5 12. Bf1 Re8 13. Be3 c5 14. Nb3 Qb4 15.
a3 Qb6 16. Nd2 a6 17. Rb1 Qd8 18. Qc2 Nc6 19. Nf3 Nd7 20. Bg5 Nd4 21. Nxd4 Qxg5
22. Nf3 Qd8 23. Rbd1 Ne5 24. Nxe5 Bxe5 25. Rd2 g5 26. Nd5 Be6 27. Qd1 Bxd5 28.
exd5 f5 29. Bd3 Qf6 30. Qh5 Qg6 31. Qf3 Rf8 32. g4 fxg4 33. Qxf8+ Rxf8 34. Bxg6
hxg6 35. hxg4 Rf4 36. Kf1 Kf7 37. Rc2 Rxg4 38. a4 b5 39. axb5 axb5 40. b3 bxc4
41. bxc4 Rh4 42. Re3 g4 43. Kg2 Rh2+ 44. Kg1 Rh4 45. Re4 g5 46. Ra2 Kf6 47. Ra8
Kf5 48. Re2 1/2-1/2

[Event "23rd Int. Tournament "]
[Site "?"]
[Date "2015.08.31"]
[Round "5.4"]
[White "Kouskoutis, Georgios-Alexandro"]
[Black "Alexakis, Dimitrios"]
[Result "1/2-1/2"]
[WhiteElo "2128"]
[BlackElo "2197"]
[PlyCount "49"]
[EventDate "2015.08.27"]
[TimeControl "120+18"]
[WhiteClock "0:00:21"]
[BlackClock "0:00:23"]

1. e4 c5 2. Nf3 d6 3. d4 cxd4 4. Nxd4 Nf6 5. Nc3 Nc6 6. Bc4 e6 7. Bb3 Be7 8. f3
a6 9. Be3 O-O 10. O-O Bd7 11. Qe2 Qc7 12. Rad1 Rac8 13. Nxc6 Bxc6 14. Qf2 b5
15. a3 Nd7 16. Ne2 Nc5 17. Ba2 Bb7 18. Nd4 Bf6 19. c3 Qe7 20. Qg3 Rfd8 21. Rd2
g6 22. Rfd1 Be5 23. Qg5 Bf6 24. Qg3 Be5 25. Qg5 1/2-1/2

[Event "23rd Int. Tournament "]
[Site "?"]
[Date "2015.08.31"]
[Round "5.5"]
[White "Nikolaou, Spiridon"]
[Black "Grigoriadis, Alexandros"]
[Result "1/2-1/2"]
[WhiteElo "2096"]
[BlackElo "2153"]
[PlyCount "123"]
[EventDate "2015.08.27"]
[TimeControl "120+17"]
[WhiteClock "0:00:00"]
[BlackClock "0:00:06"]

1. d4 g6 2. c4 f5 3. g3 Nf6 4. Bg2 Bg7 5. Nf3 O-O 6. O-O d6 7. b3 e5 8. dxe5
Ng4 9. Bb2 Nc6 10. Qd5+ Kh8 11. Rd1 Qe8 12. Nc3 dxe5 13. Nb5 Rf7 14. h3 Nf6 15.
Qd2 a6 16. Nc3 e4 17. Ng5 Rd7 18. Nd5 Ne5 19. Nxc7 Rxc7 20. Qd8 Qxd8 21. Rxd8+
Ng8 22. Ne6 Bxe6 23. Rxa8 Rd7 24. Rb1 h5 25. Re8 Re7 26. Rxe7 Nxe7 27. Rd1 N5c6
28. Ba3 Kg8 29. f3 exf3 30. Bxf3 Kf7 31. Kf2 Be5 32. e3 b6 33. Bd6 Kf6 34. c5
bxc5 35. Bxc5 a5 36. Bb6 Kf7 37. Bc5 Ke8 38. Rd2 Bc7 39. Bd1 Bd5 40. a3 Be4 41.
b4 Ne5 42. Be2 Nc8 43. Ba6 Nb6 44. Bd6 Bxd6 45. Rxd6 Nbc4 46. Bxc4 Nxc4 47.
Rxg6 a4 48. g4 hxg4 49. hxg4 Nxa3 50. Ra6 Nc2 51. Rxa4 fxg4 52. b5 Bf3 53. b6
Kd7 54. Rc4 Na3 55. Rc7+ Kd8 56. Kg3 Nb5 57. Rg7 Nd6 58. Kf4 Kc8 59. Rc7+ Kb8
60. Rg7 Nc8 61. b7 Nd6 62. Rxg4 1/2-1/2

[Event "23rd Int. Tournament "]
[Site "?"]
[Date "2015.08.31"]
[Round "5.6"]
[White "Kotrotsos, Vasilios"]
[Black "Korniotis, Filippos"]
[Result "1/2-1/2"]
[WhiteElo "2273"]
[BlackElo "2006"]
[PlyCount "102"]
[EventDate "2015.08.27"]
[TimeControl "120+19"]
[WhiteClock "0:00:13"]
[BlackClock "0:00:20"]

1. d4 Nf6 2. c4 e6 3. Nc3 d5 4. Bg5 Bb4 5. e3 O-O 6. Nf3 Nbd7 7. Qc2 c5 8. cxd5
exd5 9. Bd3 h6 10. Bh4 Qa5 11. O-O Re8 12. dxc5 Bxc3 13. bxc3 g5 14. Bg3 Nxc5
15. c4 Bd7 16. cxd5 Nxd3 17. Qxd3 Qxd5 18. Rfd1 Qxd3 19. Rxd3 Bf5 20. Rb3 Be4
21. Nd4 Bd5 22. Rb5 Kh7 23. h4 Kg6 24. a4 Rac8 25. hxg5 hxg5 26. Rd1 Rc4 27. a5
Rec8 28. f3 R8c5 29. Rxc5 Rxc5 30. e4 Bc4 31. Rc1 b6 32. Bd6 Rc8 33. Nf5 Ng8
34. axb6 axb6 35. Rb1 Rc6 36. Bf8 b5 37. Nd6 Nf6 38. Nf5 Ng8 39. Nd6 Nf6 40.
Nxb5 Rb6 41. Na3 Rxb1+ 42. Nxb1 g4 43. Nd2 Bd3 44. Kf2 gxf3 45. gxf3 Nd7 46.
Bd6 Bc2 47. Ke3 Kf6 48. f4 Ke6 49. Bb4 f5 50. exf5+ Bxf5 51. Nf3 Bb1 1/2-1/2

[Event "23rd Int. Tournament "]
[Site "?"]
[Date "2015.08.31"]
[Round "5.7"]
[White "Zervos, Lazaros"]
[Black "Drakoulakos, Grigorios"]
[Result "0-1"]
[WhiteElo "1986"]
[BlackElo "2233"]
[PlyCount "108"]
[EventDate "2015.08.27"]
[TimeControl "120+45"]
[WhiteClock "0:00:00"]
[BlackClock "0:00:14"]

1. e4 c5 2. Nf3 d6 3. Bb5+ Bd7 4. c4 Bxb5 5. cxb5 Nf6 6. Nc3 g6 7. O-O Bg7 8.
d4 cxd4 9. Nxd4 O-O 10. b3 d5 11. e5 Ne4 12. Nxe4 dxe4 13. Re1 Bxe5 14. Rxe4
Qd5 15. Rxe5 Qxe5 16. Bb2 Nd7 17. Qd2 Qd5 18. Qh6 e5 19. Nf3 f6 20. h4 Rf7 21.
Re1 Re8 22. Nd2 Nc5 23. Nc4 Ne6 24. g3 Nd4 25. Bxd4 Qxd4 26. Qc1 Rd7 27. h5 Kg7
28. h6+ Kh8 29. Qa3 Red8 30. Ne3 Qb6 31. Nc4 Qxb5 32. Qxa7 Qc6 33. Ne3 Qc3 34.
Rf1 Qb4 35. Rc1 Qf8 36. Qb6 Qxh6 37. Qxf6+ Qg7 38. Qb6 Rf8 39. Rc2 Rdf7 40. a4
Qf6 41. Qb5 Qg5 42. Qb6 h5 43. Ng2 Qf6 44. Qe3 g5 45. Re2 h4 46. Qxe5 Qxe5 47.
Rxe5 h3 48. Ne3 Rxf2 49. Rxg5 h2+ 50. Kh1 Re2 51. Rh5+ Kg8 52. Rg5+ Kh7 53. Rf5
Rd8 54. Rf3 Rd3 0-1

[Event "23rd Int. Tournament "]
[Site "?"]
[Date "2015.08.31"]
[Round "5.8"]
[White "Drivas, Stefanos"]
[Black "Pountzas, Hrisanthos"]
[Result "1/2-1/2"]
[WhiteElo "1967"]
[BlackElo "2128"]
[PlyCount "168"]
[EventDate "2015.08.27"]
[TimeControl "120+471"]
[WhiteClock "0:00:10"]
[BlackClock "0:00:03"]

1. Nf3 c5 2. g3 g6 3. d4 cxd4 4. Nxd4 Bg7 5. Bg2 Nc6 6. e3 Nf6 7. O-O O-O 8. c4
Nxd4 9. exd4 d5 10. cxd5 Nxd5 11. Nc3 Nxc3 12. bxc3 Qc7 13. Qb3 Rb8 14. Re1 e5
15. d5 Bd7 16. Be3 b6 17. Rac1 Rfc8 18. c4 Bf8 19. Bg5 Qd6 20. Qb2 Bg7 21. Be3
f5 22. Qd2 Rc7 23. Qb2 Rbc8 24. Qb3 Bf8 25. Bf1 Qb4 26. Bg5 Qd6 27. Qf3 Bg7 28.
Bd2 Be8 29. Rb1 Bf7 30. Bb4 Qf6 31. Qa3 Rd7 32. Qa6 Qd8 33. a4 e4 34. Bd2 Bd4
35. Be3 Bxe3 36. Rxe3 Rc5 37. Rb5 Qc7 38. Rxc5 Qxc5 39. Qb5 Rc7 40. Be2 h5 41.
h4 Qd6 42. Qb2 Rc5 43. Kg2 Ra5 44. Bd1 Be8 45. Qa1 a6 46. f3 exf3+ 47. Kxf3 Bf7
48. Qd4 Rc5 49. Be2 b5 50. axb5 axb5 51. cxb5 Rxd5 52. Qf4 Qb6 53. Bc4 Rd4 54.
Bxf7+ Kxf7 55. Qe5 Qb7+ 56. Kf2 Qd7 57. b6 Rb4 58. Qc5 Rb2+ 59. Kf3 Qb7+ 60.
Kf4 Rxb6 61. Kg5 Rc6 62. Qd5+ Kg7 63. Re6 Qc7 64. Qd4+ Kh7 65. Rxc6 Qxc6 66.
Qa7+ Kg8 67. Kh6 Qc1+ 68. Kxg6 Qc6+ 69. Kxh5 Qf3+ 70. Kh6 Qxg3 71. Qh7+ Kf8 72.
Qxf5+ Ke8 73. h5 Qg8 74. Qg6+ Kf8 75. Qf6+ Ke8 76. Qg7 Qe6+ 77. Qg6+ Qf7 78.
Qc6+ Kf8 79. Qd6+ Kg8 80. Qg6+ Kh8 81. Kg5 Qxg6+ 82. hxg6 Kg7 83. Kf5 Kg8 84.
Kf6 Kf8 1/2-1/2

[Event "23rd Int. Tournament "]
[Site "?"]
[Date "2015.08.31"]
[Round "5.9"]
[White "Pandelidis, Ioannis"]
[Black "Gkikas, Hristos"]
[Result "1-0"]
[WhiteElo "2114"]
[BlackElo "1983"]
[PlyCount "115"]
[EventDate "2015.08.27"]
[TimeControl "120+239"]
[WhiteClock "0:00:09"]
[BlackClock "0:00:04"]

1. Nf3 d5 2. d4 Nf6 3. c4 e6 4. Nc3 Be7 5. e3 O-O 6. a3 b6 7. Bd3 Bb7 8. O-O c5
9. dxc5 bxc5 10. cxd5 exd5 11. Qc2 Nc6 12. Rd1 Bd6 13. e4 c4 14. Be2 d4 15. Nb5
d3 16. Qxc4 Bxh2+ 17. Kxh2 Qb8+ 18. Kg1 dxe2 19. Qxe2 Ba6 20. a4 Re8 21. Qc4
Ne5 22. Nxe5 Qxe5 23. f3 Rab8 24. Be3 Bxb5 25. axb5 Qxb5 26. Qxb5 Rxb5 27. Rxa7
Rxb2 28. Rd6 Re2 29. Bd2 Nxe4 30. fxe4 R2xe4 31. Rdd7 Rf8 32. Kf2 Re6 33. Bc3
h6 34. Bd4 Rc6 35. Kg1 Rc1+ 36. Kh2 Rc2 37. Ra3 Rd2 38. Raa7 Rd3 39. Rac7 Rd1
40. Rc3 Rf1 41. Rg3 g6 42. Rh3 Kh7 43. Be3 h5 44. Rf3 Rxf3 45. gxf3 Kg8 46. Kg3
f6 47. Kf4 Rf7 48. Rd8+ Kg7 49. Bd4 Rc7 50. Rd6 Rf7 51. Rxf6 Rxf6+ 52. Kg5 Kf7
53. Bxf6 h4 54. Be5 h3 55. Bh2 Kg7 56. Kg4 Kf6 57. Kxh3 Kf5 58. Kg3 1-0

[Event "23rd Int. Tournament "]
[Site "?"]
[Date "2015.08.31"]
[Round "5.10"]
[White "Delithanasis, Dimitrios"]
[Black "Ornithopoulos, Nikolaos"]
[Result "1-0"]
[WhiteElo "2105"]
[BlackElo "1960"]
[PlyCount "45"]
[EventDate "2015.08.27"]
[TimeControl "120+10"]
[WhiteClock "0:00:33"]
[BlackClock "0:00:36"]

1. Nf3 d5 2. c4 e6 3. e3 Nf6 4. b3 Nbd7 5. Bb2 Be7 6. d4 O-O 7. Nc3 c6 8. cxd5
exd5 9. Bd3 Bd6 10. Qc2 Re8 11. O-O-O Nf8 12. h3 Bd7 13. Kb1 a5 14. g4 Qe7 15.
Ne5 b5 16. f4 b4 17. Na4 Bxe5 18. dxe5 Ne4 19. f5 c5 20. Nb6 Bc6 21. Nxa8 Rxa8
22. Bxe4 dxe4 23. Rd6 1-0

[Event "23rd Int. Tournament "]
[Site "?"]
[Date "2015.08.31"]
[Round "5.11"]
[White "Grigoriadis, Mihail"]
[Black "Koutsogiannis, Efthymios"]
[Result "0-1"]
[WhiteElo "2099"]
[BlackElo "1960"]
[PlyCount "92"]
[EventDate "2015.08.27"]
[TimeControl "120+16"]
[WhiteClock "0:00:02"]
[BlackClock "0:00:07"]

1. e4 e5 2. Nf3 Nc6 3. Bc4 Nf6 4. Ng5 d5 5. exd5 b5 6. Be2 Nd4 7. Nf3 Nxf3+ 8.
Bxf3 Nxd5 9. a4 b4 10. d4 exd4 11. Qe2+ Be6 12. O-O Be7 13. c4 bxc3 14. bxc3
dxc3 15. Ba3 Bxa3 16. Rxa3 O-O 17. Nxc3 c6 18. Rd1 Qa5 19. Ne4 Rad8 20. Qb2 Rb8
21. Qe5 Qc7 22. Qh5 Qe7 23. Raa1 h6 24. Rac1 Rfc8 25. Nc5 Qg5 26. Nxe6 Qxh5 27.
Bxh5 fxe6 28. g3 Rb4 29. Re1 Nf6 30. Bg6 Rg4 31. Bc2 Rc4 32. Bb3 Rxc1 33. Bxe6+
Kf8 34. Rxc1 Rc7 35. f4 Ke7 36. f5 c5 37. Kf2 Kd6 38. Rb1 c4 39. Ke2 Ke5 40.
Kd2 Kd4 41. Kc2 Ne4 42. Rd1+ Kc5 43. Re1 Kd4 44. Rf1 c3 45. Rf3 Rb7 46. Bb3
Rxb3 0-1

[Event "23rd Int. Tournament "]
[Site "?"]
[Date "2015.08.31"]
[Round "5.12"]
[White "Roinos, Ilias"]
[Black "Kalodoukas, Odysseas"]
[Result "1-0"]
[WhiteElo "2055"]
[BlackElo "1907"]
[PlyCount "65"]
[EventDate "2015.08.27"]
[TimeControl "120+13"]
[WhiteClock "0:00:02"]
[BlackClock "0:00:01"]

1. e4 c6 2. d4 d5 3. exd5 cxd5 4. c4 Nf6 5. Nc3 e6 6. Nf3 Be7 7. cxd5 Nxd5 8.
Bd3 O-O 9. O-O Nc6 10. Re1 Nxc3 11. bxc3 b6 12. Bb2 Bb7 13. Rc1 Rc8 14. c4 Bf6
15. Bb1 g6 16. Qd3 Na5 17. Nd2 Qd7 18. Nb3 Nc6 19. Qf3 Bg7 20. Qe3 Rfd8 21.
Red1 Ne7 22. Ba3 Ba6 23. Bd3 Nf5 24. Bxf5 gxf5 25. d5 Bxc4 26. d6 Qb7 27. Qg3
Kh8 28. Qh4 Bd5 29. f3 a5 30. Nd4 b5 31. Rc7 Qa6 32. Rxf7 Rxd6 33. Qe7 1-0

[Event "23rd Int. Tournament "]
[Site "?"]
[Date "2015.08.31"]
[Round "5.13"]
[White "Trimitzios, Petros"]
[Black "Nikoleris, Evangelos"]
[Result "1-0"]
[WhiteElo "2006"]
[BlackElo "1866"]
[PlyCount "89"]
[EventDate "2015.08.27"]

1. d4 Nf6 2. c4 e6 3. Nf3 Bb4+ 4. Bd2 Qe7 5. g3 b6 6. Bg2 Bb7 7. a3 Bxd2+ 8.
Nbxd2 d6 9. Qc2 Nbd7 10. O-O O-O 11. e4 e5 12. d5 a5 13. b4 Ra7 14. Rfc1 Rfa8
15. Qb2 axb4 16. axb4 Rxa1 17. Rxa1 Rxa1+ 18. Qxa1 Qd8 19. Qb2 Qa8 20. Ne1 Qa4
21. Bf3 g6 22. Nc2 Kg7 23. Nb1 h5 24. h4 c6 25. Nc3 Qa8 26. Ne3 Qa7 27. Kg2 Kf8
28. Be2 Ne8 29. dxc6 Bxc6 30. Ncd5 Nef6 31. f3 Bxd5 32. cxd5 Ne8 33. Bb5 Nb8
34. Nc4 Nc7 35. Nxd6 Nxb5 36. Nxb5 Qa4 37. Nc3 Qa6 38. Qd2 Qc4 39. Nd1 Nd7 40.
Nf2 Ke7 41. g4 hxg4 42. fxg4 Nf6 43. Qg5 Qd4 44. h5 gxh5 45. gxh5 1-0

[Event "23rd Int. Tournament "]
[Site "?"]
[Date "2015.08.31"]
[Round "5.14"]
[White "Loutragotis, Dimitrios"]
[Black "Vazelakis, Dimitrios"]
[Result "1-0"]
[WhiteElo "1809"]
[BlackElo "2004"]
[PlyCount "53"]
[EventDate "2015.08.27"]

1. e4 Nf6 2. Nc3 d5 3. d4 e6 4. e5 Nfd7 5. f4 c5 6. Nf3 Nc6 7. Be3 a6 8. Qd2 b5
9. a3 Qc7 10. Be2 Bb7 11. O-O O-O-O 12. Na2 cxd4 13. Nxd4 Nxd4 14. Bxd4 g5 15.
a4 gxf4 16. axb5 axb5 17. Nc3 Bc5 18. Nxb5 Qxe5 19. Rxf4 Rhg8 20. Ra7 Qg5 21.
g3 Kb8 22. Rxb7+ Kxb7 23. Bxc5 Nxc5 24. Qb4 Rd7 25. Nd6+ Kc7 26. Qxc5+ Kd8 27.
Nxf7+ 1-0